000 00423nam a2200181Ia 4500
008 230524s9999 xx 000 0 und d
020 _a5120305507
082 _a515
_bPOT
100 _aMerle C.Potter
245 0 _aMathematical Methods
250 _a2ND
260 _aNEW DELHI
_bPHI
_c2003
300 _aXV;639
500 _aQuantity Number: 53
650 _aMathematics
700 _a Jack Goldberg
942 _cBK
999 _c15973
_d15973